The effect of the electron density anisotropy on positron annihilation in a KBr single crystal; Kristall und Technik; Vol. 7, iss. 7
| Parent link: | Kristall und Technik.— , 1966- Vol. 7, iss. 7.— 1972.— P. 841-844 |
|---|---|
| Main Author: | |
| Other Authors: | |
| Summary: | The use of the positron annihilation method in the study of electron states in oriented single crystals was investigated. Electron density distributions and the values of the anion effective charges were measured in 〈100〉 and 〈110〉 directions of KBr single crystals showing marked distinction. В фонде НТБ ТПУ отсутствует |
| Language: | English |
| Published: |
1972
|
| Subjects: | |
| Format: | MixedMaterials Book Chapter |
| KOHA link: | https://koha.lib.tpu.ru/cgi-bin/koha/opac-detail.pl?biblionumber=598295 |
MARC
| LEADER | 00000naa0a2200000 4500 | ||
|---|---|---|---|
| 001 | 598295 | ||
| 005 | 20250313163913.0 | ||
| 035 | |a (RuTPU)RU\TPU\tpu\21877 | ||
| 035 | |a RU\TPU\tpu\21839 | ||
| 090 | |a 598295 | ||
| 100 | |a 20121010d1972 k||y0rusy50 ba | ||
| 101 | 0 | |a eng | |
| 102 | |a DE | ||
| 200 | 1 | |a The effect of the electron density anisotropy on positron annihilation in a KBr single crystal |f K. P. Arefyev (Afef'ev, Arefiev), S. A. Vorobiev | |
| 330 | |a The use of the positron annihilation method in the study of electron states in oriented single crystals was investigated. Electron density distributions and the values of the anion effective charges were measured in 〈100〉 and 〈110〉 directions of KBr single crystals showing marked distinction. | ||
| 333 | |a В фонде НТБ ТПУ отсутствует | ||
| 461 | |t Kristall und Technik |d 1966- | ||
| 463 | |t Vol. 7, iss. 7 |v P. 841-844 |d 1972 | ||
| 610 | 1 | |a труды учёных ТПУ | |
| 700 | 1 | |a Arefyev (Afef'ev, Arefiev) |b K. P. |c physicist |c Professor of Tomsk Polytechnic University, Doctor of physical and mathematical sciences |c A Corresponding Member of Russian Academy of Natural Sciences (RANS/RAEN) |f 1947- |g Konstantin Petrovich |3 (RuTPU)RU\TPU\pers\29714 |9 14208 | |
| 701 | 1 | |a Vorobiev |b S. A. | |
| 801 | 1 | |a RU |b 63413507 |c 20120913 | |
| 801 | 2 | |a RU |b 63413507 |c 20230822 |g RCR | |
| 942 | |c CR | ||